Normal view MARC view

Entry Personal Name

Number of records used in: 2

001 - CONTROL NUMBER

  • control field: 47610

003 - CONTROL NUMBER IDENTIFIER

  • control field: dpl

005 - DATE AND TIME OF LATEST TRANSACTION

  • control field: 20120521162042.0

008 - FIXED-LENGTH DATA ELEMENTS

  • fixed length control field: 120521|||a|||||| | ||| d

040 ## - CATALOGING SOURCE

  • Original cataloging agency: dpl
  • Transcribing agency: dpl

100 ## - HEADING--PERSONAL NAME

  • Personal name: त्रिपाठी, कमला शंकर

670 ## - SOURCE DATA FOUND

  • Source citation: Work cat.: (dpl): त्रिपाठी, कमला शंकर, प्रयोजनमूलक हिन्दी/, 2011

670 ## - SOURCE DATA FOUND

  • Source citation: Work cat.: (dpl): त्रिपाठी, कमला शंकर, प्रयोजनमूलक हिन्दी/, 2011

© Delhi Public Library
Hit Counter
free hit counter